| 000 | 00895nam a22002897a 4500 | ||
|---|---|---|---|
| 001 | 5960 | ||
| 003 | FISKH | ||
| 005 | 20250211160027.0 | ||
| 008 | 250211b cb ||||| |||| 00| 0 eng d | ||
| 020 | _a9780439784368 | ||
| 040 |
_aFISKH _beng _cFISKH _dFISKH |
||
| 050 | _a PZ7.Y78 | ||
| 082 | _a813.6 | ||
| 100 |
_aYolen, Jane _d(1939-) |
||
| 245 |
_aThe devil's arithmetic _cJane Yolen |
||
| 250 | _aThis edition first published in 2005 | ||
| 260 |
_aNew York : _bScholastic, _c1988 |
||
| 300 |
_a170 pages : _c20 cm |
||
| 505 | _aR | ||
| 520 | _aHannah resents the traditions of her Jewish heritage until time travel places her in the middle of a small Jewish village in Nazi-occupied Poland. | ||
| 521 | 8 |
_a730
_bLexile |
|
| 521 | 8 |
_aR
_bRaz-Plus |
|
| 650 |
_2 Holocaust _a Time travel |
||
| 650 |
_2Historical fiction _a Poland |
||
| 942 |
_2ddc _cBK _n0 |
||
| 999 |
_c5960 _d5960 |
||